| 000 | 00885nam a22002777a 4500 | ||
|---|---|---|---|
| 001 | BR7600404 | ||
| 003 | BR-BrBNA | ||
| 005 | 20230928084859.0 | ||
| 007 | ta | ||
| 008 | 230509b bl.||||| |||| 00| 0 por d | ||
| 040 |
_aBR-BrBNA _bpor _cBiblioteca Nacional de Agricultura |
||
| 041 | _a(Por) | ||
| 072 |
_aF00; F30 _b0180 _b/G514 |
||
| 090 | _ 0180 BR7600404 | ||
| 110 | 1 | _aFundacao Instituto Agronomico do Parana, Londrina (Brasil) | |
| 245 | 1 |
_aTrigo, recomendacoes de cultivares e de epocas de semeadura - Parana 1975 [Brasil] _bPlano Integrado de Pesquisa com trigo no Parana |
|
| 260 | 3 |
_aLondrina, PR (Brasil): _bEmpresa Brasileira de Pesquisa Agropecuaria, _c1975. |
|
| 300 | _a7 p. | ||
| 650 | _aMELHORAMENTO VEGETAL | ||
| 650 | _aSEMEADURA | ||
| 650 | _aTRIGO | ||
| 650 | _aVARIEDADE | ||
| 650 | _aPARANA | ||
| 909 |
_a202309 _bLucia _c55 _dLucia Elande |
||
| 942 | _cBK | ||
| 999 |
_c21646 _d21646 |
||